| 000 | 00930cam a22002775a 4500 | ||
|---|---|---|---|
| 001 | 18907869 | ||
| 005 | 20171026110700.0 | ||
| 008 | 151216t2017 moua frb 001 0 eng d | ||
| 020 | _a9780323399920 | ||
| 040 |
_aDNLM/DLC _beng _cDLC _dDLC _dEG-ScBUE _dEG-ScBUE |
||
| 082 | 0 | 4 |
_a610.73 _bTRA _222 |
| 130 | 0 | _aTranscultural nursing (Giger) | |
| 245 | 1 | 0 |
_aTranscultural nursing : _bassessment & intervention / _c[editor] Joyce Newman Giger. |
| 246 | 3 |
_aTranscultural nursing : _bassessment and intervention |
|
| 250 | _a7th ed. | ||
| 260 |
_aLouis : _bElsevier, _cc.2017. |
||
| 300 |
_axiii, 722 p. : _bill. ; _c24 cm. |
||
| 504 | _aIncludes bibliographical references and index. | ||
| 650 | 7 |
_aTranscultural nursing. _2BUEsh _936287 |
|
| 650 | 7 |
_aNursing assessment. _2BUEsh _920388 |
|
| 651 | _2BUEsh | ||
| 653 |
_bNNUR _cOctober2017 |
||
| 655 |
_vText book _933728 |
||
| 700 | 1 |
_aGiger, Joyce Newman, _eeditor. |
|
| 942 | _2ddc | ||
| 999 |
_c25503 _d25475 |
||